Join geometries: a theory of convex sets and linear geometry

Bewaard in:
Bibliografische gegevens
Hoofdauteurs: Prenowitz, Walter (Auteur), Jantosciak, James (Auteur)
Formaat: Boek
Taal:Engels
Gepubliceerd in: Nueva York Springer-Verlag 1979
Reeks:Undergraduate Texts in Mathematics
Onderwerpen:
Tags: Voeg label toe
Geen labels, Wees de eerste die dit record labelt!

MARC

LEADER 00000nam a2200000 a 4500
001 UCQ9431
003 CL-VaPUC
008 990112e19790000US |||||||||||||||||eng|d
082 0 4 |a 516  |b PRE  |2 21 
100 0 |a Prenowitz, Walter  |e author  |9 423970 
700 0 |a Jantosciak, James  |e author  |9 423971 
245 1 0 |a Join geometries: a theory of convex sets and linear geometry 
300 |a 534 p 
942 |c BK 
945 |d 19990112 00:00:00  |a crobeson 
260 |a Nueva York  |b Springer-Verlag  |c 1979 
650 0 |a Geometría   |9 264063 
650 7 |a GEOMETRIA EUCLIDEA  |2 CL-VaPUC  |9 359752 
650 7 |a CONJUNTOS CONVEXOS  |2 CL-VaPUC  |9 423972 
583 |a last modification  |c 19990112 00:00:00  |k Rodrigo Vera 
490 0 |a Undergraduate Texts in Mathematics 
999 |c 278440  |d 278438 
952 |0 0  |1 0  |4 0  |6 516_000000000000000_PRE_1979  |7 0  |8 A  |9 316976  |a BIBMAT  |b BIBMAT  |d 2019-11-20  |i 1314327  |o 516 PRE 1979  |p 1314327  |r 2025-01-07  |w 2019-11-20  |y BK  |k MAT